000 00370cam a22001097a 4500
008 180718b1978 xxu||||| |||| 00| 0 eng d
082 _aK782x5451 An24
245 _aReport on Andhra Pradesh state council for child welfare
_cby Andhra Pradesh Legislature
260 _aHyderabad
_bAndhra Pradesh Legislature
_c1978
300 _a194+p.
700 _aAndhra Pradesh Legislature
999 _c500141
_d500141